[Event "ICS rated blitz match"]
[Site "204.178.125.65"]
[Date "2000.11.14"]
[Round "?"]
[White "QueenMaxima"]
[Black "Hossa"]
[Result "1-0"]
[WhiteElo "2599"]
[BlackElo "2606"]
[PlyCount "143"]
[EventDate "2000.??.??"]

1. e4 c5 2. Nf3 d6 3. d4 cxd4 4. Nxd4 Nf6 5. Nc3 a6 6. Be2 e6 7. O-O Be7 8. Be3
O-O 9. a3 Nc6 10. Re1 Kh8 11. Qd3 Ne5 12. Qd2 Bd7 13. Rad1 Qc7 14. f3 b5 15.
Bf4 Rab8 16. Qe3 Rfc8 17. Kh1 Rb7 18. Qc1 Nc4 19. Bxc4 bxc4 20. e5 dxe5 21.
Bxe5 Qa5 22. Bg3 Bxa3 23. bxa3 Qxc3 24. Be5 Qa5 25. Qg5 Rc5 26. Nf5 exf5 27.
Bxf6 Qxe1+ 28. Rxe1 gxf6 29. Qxf6+ Kg8 30. Qd8+ Kg7 31. Qg5+ Kh8 32. Qe7 Rc8
33. Qxf7 Rcb8 34. Kg1 Bb5 35. Qf6+ Kg8 36. Qxf5 Rd7 37. Qc5 Rf7 38. Re4 Rbf8
39. Rg4+ Rg7 40. Qd4 Rg6 41. Rxg6+ hxg6 42. a4 Be8 43. Qxc4+ Bf7 44. Qxa6 Rd8
45. Qa5 Rd4 46. Kf2 Rc4 47. c3 Kh7 48. Ke3 Kh6 49. f4 Kg7 50. Qe5+ Kg8 51. a5
Rc6 52. Qb8+ Kg7 53. c4 Re6+ 54. Kd3 Rc6 55. Qe5+ Kh7 56. c5 Kg8 57. Qb8+ Kg7
58. Qb7 Rxc5 59. a6 Rd5+ 60. Ke4 Rd8 61. a7 Re8+ 62. Kf3 Rd8 63. a8=Q Rxa8 64.
Qxa8 Be6 65. Ke4 Bg4 66. Ke5 Kf7 67. Qc6 Kg7 68. Qf6+ Kg8 69. Qxg6+ Kf8 70. Kf6
Bh5 71. Qg7+ Ke8 72. Qe7# {Hossa checkmated} 1-0

[Event "ICS Rated blitz match"]
[Site "204.178.125.65"]
[Date "2000.11.14"]
[Round "?"]
[White "Hossa"]
[Black "QueenMaxima"]
[Result "1-0"]
[WhiteElo "2590"]
[BlackElo "2615"]
[PlyCount "131"]
[EventDate "2000.??.??"]

1. Nf3 f5 2. d4 g6 3. d5 Bg7 4. e3 Nf6 5. c4 O-O 6. Be2 Na6 7. O-O b6 8. Nc3
Bb7 9. Nd4 e5 10. dxe6 c5 11. e7 Qxe7 12. Ndb5 Kh8 13. Qd6 Qxd6 14. Nxd6 Bc6
15. Rd1 Ne8 16. Nxe8 Rfxe8 17. Nb5 Re7 18. a3 Re6 19. Bf3 Bxf3 20. gxf3 Re7 21.
f4 Kg8 22. Rb1 h6 23. Rd6 Kh7 24. b3 g5 25. fxg5 hxg5 26. Bb2 Bxb2 27. Rxb2 f4
28. exf4 gxf4 29. Kf1 Rg8 30. Re2 Rf7 31. Nxa7 f3 32. Re3 Rg6 33. Nc8 Rxd6 34.
Nxd6 Rf8 35. Ne4 Kg6 36. Nd2 Nb8 37. Rxf3 Rxf3 38. Nxf3 Nc6 39. Kg2 Kf5 40. h3
Ke4 41. h4 Ne7 42. Kg3 Nf5+ 43. Kg4 Nh6+ 44. Kg5 Ng8 45. Nh2 d6 46. Ng4 Kd3 47.
Nf6 Ne7 48. h5 Nc6 49. h6 Ne5 50. h7 Kc2 51. f4 Nf3+ 52. Kg4 Nd4 53. Ne4 Kxb3
54. Nxd6 Kxa3 55. h8=Q Kb4 56. Qb8 b5 57. Nxb5 Kxc4 58. Nxd4 cxd4 59. Qd6 Kc3
60. Qc5+ Kb2 61. Kf3 d3 62. Ke3 Kb1 63. Kxd3 Kb2 64. Qb5+ Kc1 65. f5 Kd1 66.
Qb1# {QueenMaxima checkmated} 1-0

[Event "ICS rated blitz match"]
[Site "204.178.125.65"]
[Date "2000.11.14"]
[Round "?"]
[White "QueenMaxima"]
[Black "Hossa"]
[Result "1-0"]
[WhiteElo "2598"]
[BlackElo "2607"]
[PlyCount "61"]
[EventDate "2000.??.??"]

1. e4 c5 2. Nf3 e6 3. d4 cxd4 4. Nxd4 Nc6 5. Be3 Nf6 6. Nd2 e5 7. Nxc6 bxc6 8.
Bd3 d6 9. O-O Ng4 10. Bc4 Be7 11. Re1 O-O 12. Qf3 Nxe3 13. Rxe3 Bg5 14. Rd3 Rb8
15. Bb3 Ba6 16. Bc4 Bxd2 17. Bxa6 Bf4 18. b3 Qa5 19. g3 Bh6 20. Bc4 Qa3 21.
Rad1 Rbd8 22. c3 Rd7 23. b4 Rfd8 24. Rxd6 Rxd6 25. Qxf7+ Kh8 26. Rxd6 Ra8 27.
Re6 Qc1+ 28. Kg2 Qf1+ 29. Kxf1 g6 30. Re7 Bg7 31. Qxg7# {Hossa checkmated} 1-0

[Event "ICS rated blitz match"]
[Site "204.178.125.65"]
[Date "2000.11.14"]
[Round "?"]
[White "Hossa"]
[Black "upalm"]
[Result "1-0"]
[WhiteElo "2591"]
[BlackElo "2105"]
[PlyCount "43"]
[EventDate "2000.??.??"]

1. d4 Nf6 2. Bg5 Ne4 3. h4 c5 4. Bf4 Qb6 5. Nc3 Nxc3 6. bxc3 cxd4 7. cxd4 Nc6
8. Nf3 d5 9. c3 Bf5 10. Qd2 e6 11. e3 Rc8 12. Bd3 Bxd3 13. Qxd3 Be7 14. O-O O-O
15. Rfb1 Qa6 16. Qxa6 bxa6 17. Rb7 Rfd8 18. Rab1 Bd6 19. Bxd6 Rxd6 20. Ne5 Nd8
21. Rxa7 Rxc3 22. Rb8 {upalm resigns} 1-0

[Event "ICS rated blitz match"]
[Site "204.178.125.65"]
[Date "2000.11.14"]
[Round "?"]
[White "Hossa"]
[Black "QueenMaxima"]
[Result "0-1"]
[WhiteElo "2593"]
[BlackElo "2614"]
[PlyCount "144"]
[EventDate "2000.??.??"]

1. d4 Nf6 2. Bg5 Ne4 3. h4 c5 4. Bf4 Qb6 5. Nc3 Nxc3 6. bxc3 cxd4 7. cxd4 Qb4+
8. Qd2 Qb2 9. Rd1 Qxa2 10. e4 d6 11. Bb5+ Bd7 12. Qc3 Na6 13. Bxd7+ Kxd7 14.
Ra1 Qe6 15. Qd3 Rc8 16. Qb5+ Kc7 17. e5 Qg6 18. Kf1 Qe4 19. exd6+ exd6 20. Ne2
Kd8 21. c4 Be7 22. Rh3 Nc7 23. Qb4 Na6 24. Qa5+ Rc7 25. c5 Qc6 26. Re3 g5 27.
cxd6 Bxd6 28. Qxg5+ Kc8 29. Qf6 Rd8 30. Bg5 Rf8 31. Kg1 Kb8 32. Qh6 Rfc8 33.
Kh1 Ka8 34. Rc3 Qe8 35. Qxd6 Rxc3 36. Nxc3 Rxc3 37. Qd5 Qe6 38. Qa5 Rc2 39. Kg1
Qd6 40. Be3 Qd7 41. Qa3 Rc6 42. Bf4 Qd8 43. Bg3 h5 44. Qa4 f5 45. Rb1 Qf8 46.
Be5 Qf7 47. Ra1 f4 48. Qa5 Rc8 49. f3 Rf8 50. Bd6 Rg8 51. Qd2 Rd8 52. Be5 Rf8
53. Ra5 Qe7 54. Qe1 Rc8 55. Ra1 Rf8 56. Qe4 Nc7 57. Qg6 Ne6 58. Qxh5 Qb4 59.
Qh6 Qb2 60. Rf1 Rg8 61. Rf2 Qb3 62. Qh7 Rc8 63. Qd7 Rd8 64. Qe7 Qb6 65. Rf1 Rg8
66. Ra1 Qb2 67. Kf1 Qxg2+ 68. Ke1 Qg1+ 69. Kd2 Qe3+ 70. Kd1 Rg1+ 71. Kc2 Rg2+
72. Kb1 Qe1# {Hossa checkmated} 0-1

[Event "ICS rated blitz match"]
[Site "204.178.125.65"]
[Date "2000.11.14"]
[Round "?"]
[White "QueenMaxima"]
[Black "Hossa"]
[Result "0-1"]
[WhiteElo "2599"]
[BlackElo "2578"]
[PlyCount "78"]
[EventDate "2000.??.??"]

1. d4 Nf6 2. c3 d5 3. Nf3 Bf5 4. Nh4 Bd7 5. g3 g6 6. Bg2 Bg7 7. Qb3 b6 8. Bxd5
Nxd5 9. Qxd5 c6 10. Qf3 O-O 11. Bf4 f6 12. Bxb8 Rxb8 13. Nd2 e5 14. O-O-O exd4
15. cxd4 Be6 16. Qc3 Qd5 17. Nb3 a5 18. Rhe1 a4 19. e4 Qb5 20. d5 axb3 21. a4
Qxa4 22. Rd4 Bh6+ 23. f4 Qa2 24. dxe6 Rfe8 25. Rd6 Rbd8 26. Rd7 Rxd7 27. exd7
Rd8 28. Qxc6 Bf8 29. Qd5+ Kg7 30. Qd4 Bc5 31. Qd3 Qa1+ 32. Qb1 Qa6 33. Nf3 Qc4+
34. Kd1 Rxd7+ 35. Nd2 Bb4 36. Qc1 Qd3 37. Rg1 Bxd2 38. Qc4 Qxc4 39. e5 Bb4# {
QueenMaxima checkmated} 0-1

[Event "ICS rated blitz match"]
[Site "204.178.125.65"]
[Date "2000.11.14"]
[Round "?"]
[White "Pi"]
[Black "Hossa"]
[Result "1-0"]
[WhiteElo "2849"]
[BlackElo "2595"]
[PlyCount "157"]
[EventDate "2000.??.??"]

1. e4 c5 2. Nf3 e6 3. d4 cxd4 4. Nxd4 Nf6 5. Nc3 d6 6. Be2 Be7 7. O-O O-O 8. f4
Nc6 9. Be3 Bd7 10. Nb3 a6 11. a4 b6 12. g4 h6 13. Qd2 Qc7 14. Rad1 Rfc8 15. g5
hxg5 16. fxg5 Ne8 17. Qe1 Ne5 18. Qf2 Qb7 19. Bh5 f5 20. exf5 exf5 21. Nd5 Bd8
22. Bxb6 Rxc2 23. Qxc2 Bxb6+ 24. Nxb6 Qxb6+ 25. Nd4 g6 26. Bf3 Nxf3+ 27. Rxf3
Rc8 28. Qe2 Nc7 29. b3 Nd5 30. Qd2 a5 31. Re1 Nb4 32. Qf2 d5 33. Rfe3 Rf8 34.
Rh3 f4 35. Rf3 Rf7 36. Rf1 Qc5 37. Qd2 Rf5 38. Kh1 Rf7 39. Rxf4 Rxf4 40. Qxf4
Qe7 41. Rf3 Nc6 42. Rf1 Nb4 43. Rf3 Nc6 44. Nxc6 Bxc6 45. Qd4 Qe1+ 46. Kg2 Bb7
47. Rf6 Qe2+ 48. Kg3 Qe1+ 49. Kg2 Qe2+ 50. Kg3 Qe1+ 51. Qf2 Qc3+ 52. Kh4 Qb4+
53. Rf4 Qe7 54. Qd2 Qh7+ 55. Kg3 Qc7 56. Qe3 Kh7 57. Qe6 Bc6 58. Kg4 Kg7 59.
Rf6 Qd7 60. Rxg6+ Kh7 61. Kf4 Qc7+ 62. Kf3 d4+ 63. Qxc6 Qf7+ 64. Ke4 Qxg6+ 65.
Qxg6+ Kxg6 66. Kxd4 Kf5 67. g6 Kf4 68. g7 Kg4 69. g8=Q+ Kf5 70. Qd5+ Kf6 71.
Qxa5 Ke6 72. Qd5+ Kf6 73. Qe5+ Kf7 74. a5 Kg6 75. a6 Kf7 76. a7 Kg6 77. a8=Q
Kh6 78. Qf6+ Kh7 79. Qah8# {Hossa checkmated} 1-0

[Event "ICS rated bullet match"]
[Site "204.178.125.65"]
[Date "2000.11.14"]
[Round "?"]
[White "Jack-Daniels"]
[Black "Hossa"]
[Result "1-0"]
[WhiteElo "2671"]
[BlackElo "2425"]
[PlyCount "49"]
[EventDate "2000.??.??"]

1. Nf3 d5 2. c4 e6 3. g3 dxc4 4. Bg2 c6 5. Na3 Bxa3 6. bxa3 Ne7 7. Bb2 O-O 8.
Qc2 b5 9. O-O Bb7 10. Rfd1 Nd7 11. d3 cxd3 12. Rxd3 Qc7 13. Rad1 Rad8 14. Ng5
Nf5 15. g4 h6 16. gxf5 hxg5 17. Qd2 exf5 18. Bxg7 Nc5 19. Bf6 Ne6 20. Rh3 Ng7
21. Qxg5 Qg3 22. fxg3 Rxd1+ 23. Bf1 Rxf1+ 24. Kxf1 Ba6 25. Qxg7# {
Hossa checkmated} 1-0

[Event "ICS rated blitz match"]
[Site "204.178.125.65"]
[Date "2000.11.14"]
[Round "?"]
[White "Hossa"]
[Black "ChesterX"]
[Result "0-1"]
[WhiteElo "2589"]
[BlackElo "2358"]
[PlyCount "134"]
[EventDate "2000.??.??"]

1. Nf3 c5 2. g3 Nc6 3. c4 Nf6 4. Bg2 d5 5. cxd5 Nxd5 6. O-O e6 7. d4 Be7 8.
dxc5 Bxc5 9. e4 Ndb4 10. Qxd8+ Nxd8 11. Na3 Nd3 12. Nb5 O-O 13. Nc7 Rb8 14. Ne1
Nxc1 15. Rxc1 Bd4 16. Nd3 e5 17. Rc2 Nc6 18. Re1 Bd7 19. Nc5 Rbd8 20. Nxd7 Rxd7
21. Nd5 Rfd8 22. Bh3 Rd6 23. Rec1 h5 24. b4 a6 25. a4 a5 26. bxa5 Nxa5 27. Rc8
Nb3 28. R1c7 Nd2 29. Ne7+ Kh7 30. Bf5+ Kh8 31. Rxb7 g6 32. Rbb8 Rxc8 33. Bxc8
Kh7 34. Bb7 Rb6 35. Kg2 Nxe4 36. Rf8 Ng5 37. Bd5 Rb2 38. h4 Rxf2+ 39. Kh1 Kg7
40. Rg8+ Kf6 41. Nxg6 Nf3 42. Bxf3 Rxf3 43. Nh8 e4 44. Re8 e3 45. Kg2 Rf2+ 46.
Kh3 e2 47. Re4 Kf5 48. Rxe2 Rxe2 49. Nxf7 Bg1 50. Nd6+ Ke6 51. g4 hxg4+ 52.
Kxg4 Kxd6 53. h5 Re4+ 54. Kf5 Rxa4 55. h6 Kd5 56. h7 Rh4 57. Kg6 Bd4 58. Kf5
Rxh7 59. Kg6 Rh2 60. Kf5 Bc5 61. Kg5 Rf2 62. Kg6 Be3 63. Kg7 Ke6 64. Kg6 Rf3
65. Kg7 Rg3+ 66. Kh7 Kf7 67. Kh8 Rh3# {Hossa checkmated} 0-1

[Event "ICS rated blitz match"]
[Site "204.178.125.65"]
[Date "2000.11.14"]
[Round "?"]
[White "ChesterX"]
[Black "Hossa"]
[Result "0-1"]
[WhiteElo "2383"]
[BlackElo "2564"]
[PlyCount "100"]
[EventDate "2000.??.??"]

1. e4 e6 2. d4 d5 3. Nc3 Bb4 4. e5 Ne7 5. Bd2 b6 6. a3 Bxc3 7. Bxc3 Ba6 8. Bxa6
Nxa6 9. Qd3 Nb8 10. Nf3 c5 11. dxc5 bxc5 12. O-O Nd7 13. Rad1 Qb8 14. Rfe1 Nc6
15. a4 d4 16. Qe4 Qc7 17. Ba5 Nb6 18. Bxb6 axb6 19. b3 O-O 20. Ng5 g6 21. Kh1
Nb4 22. Re2 Qe7 23. Qh4 h5 24. Qg3 b5 25. axb5 Ra5 26. c3 dxc3 27. Qxc3 Qxg5
28. Qxc5 Nd3 29. Qc6 Rd8 30. Kg1 Nxe5 31. Rxd8+ Qxd8 32. Qc3 Qc7 33. Qb2 Ra2
34. Qb1 Rxe2 35. g3 Re1+ 36. Qxe1 Nf3+ 37. Kf1 Nxe1 38. Kxe1 Qe5+ 39. Kd2 Qb2+
40. Ke1 Qxb3 41. h4 Qxb5 42. Kd2 Qb3 43. Ke2 Kg7 44. Kf1 Qd1+ 45. Kg2 Kf6 46.
f4 Qe2+ 47. Kg1 Kf5 48. Kh1 Kg4 49. Kg1 Kh3 50. f5 Qg2# {ChesterX checkmated}
0-1

[Event "ICS rated blitz match"]
[Site "204.178.125.65"]
[Date "2000.11.14"]
[Round "?"]
[White "Hossa"]
[Black "Pi"]
[Result "0-1"]
[WhiteElo "2572"]
[BlackElo "2854"]
[PlyCount "124"]
[EventDate "2000.??.??"]

1. Nf3 Nf6 2. b3 g6 3. Bb2 Bg7 4. g3 O-O 5. Bg2 d6 6. d4 Nbd7 7. c4 e5 8. dxe5
Ng4 9. O-O dxe5 10. h3 Nh6 11. e4 f6 12. Ba3 Re8 13. Nc3 c6 14. Qc2 Qa5 15. Bd6
Nf7 16. b4 Qd8 17. c5 Nxd6 18. cxd6 Nb6 19. Rfd1 Re6 20. Qb3 Kh8 21. a4 Rxd6
22. a5 Rxd1+ 23. Rxd1 Nd7 24. Qe6 Qg8 25. Qxg8+ Kxg8 26. Bf1 Kf7 27. Bc4+ Ke7
28. g4 Nf8 29. Rd2 h5 30. gxh5 Bxh3 31. hxg6 Nxg6 32. Ne2 Rh8 33. Rd1 Bg4 34.
Rd3 f5 35. Ng3 Nf4 36. Ra3 fxe4 37. Nxe4 Rd8 38. Kh2 Bxf3 39. Rxf3 Rd4 40. Rg3
Bh6 41. Re3 Rxc4 42. Ng3 Ke6 43. Rb3 a6 44. Nf1 Bf8 45. Nd2 Rxb4 46. Kg3 Ne2+
47. Kg2 Rxb3 48. Nxb3 Bb4 49. Kf3 Nd4+ 50. Nxd4+ exd4 51. Ke4 c5 52. Kd3 Kd5
53. Ke2 c4 54. f4 d3+ 55. Ke3 d2 56. Ke2 Ke4 57. f5 c3 58. f6 c2 59. Kf2 d1=Q
60. Kg3 Qf3+ 61. Kh4 c1=Q 62. f7 Be1# {Hossa checkmated} 0-1

[Event "ICS rated blitz match"]
[Site "204.178.125.65"]
[Date "2000.11.14"]
[Round "?"]
[White "QueenMaxima"]
[Black "Hossa"]
[Result "0-1"]
[WhiteElo "2582"]
[BlackElo "2567"]
[PlyCount "80"]
[EventDate "2000.??.??"]

1. d4 Nf6 2. c3 d5 3. Nf3 Bf5 4. Nh4 Bd7 5. g3 g6 6. Bg2 Bg7 7. Qb3 b6 8. Bxd5
Nxd5 9. Qxd5 c6 10. Qf3 O-O 11. Bf4 f6 12. Bxb8 Rxb8 13. Nd2 e5 14. O-O-O exd4
15. cxd4 Be6 16. Nb3 Re8 17. Qd3 a5 18. e4 a4 19. Nd2 Bxa2 20. Qa3 Be6 21. Qxa4
Qc7 22. Qb4 Ra8 23. Nc4 Bh6+ 24. Kc2 b5 25. Ne3 Bxe3 26. fxe3 Ra4 27. Qd2 c5
28. d5 Bg4 29. Rdf1 Rexe4 30. Rhg1 Rec4+ 31. Qc3 Qe5 32. Rf4 Rxc3+ 33. bxc3
Qxe3 34. Rxa4 Qf2+ 35. Kc1 Qxg1+ 36. Kc2 bxa4 37. c4 Qf2+ 38. Kd3 Bd1 39. Nf5
gxf5 40. d6 Qd4# {QueenMaxima checkmated} 0-1

[Event "ICS rated blitz match"]
[Site "204.178.125.65"]
[Date "2000.11.14"]
[Round "?"]
[White "Hossa"]
[Black "QueenMaxima"]
[Result "1-0"]
[WhiteElo "2584"]
[BlackElo "2565"]
[PlyCount "131"]
[EventDate "2000.??.??"]

1. e4 d6 2. d4 g6 3. Nc3 c6 4. Nf3 Bg7 5. Bd3 Nf6 6. O-O O-O 7. Bd2 Bg4 8. h3
Bxf3 9. Qxf3 Qb6 10. Ne2 c5 11. dxc5 Qxc5 12. e5 Qxe5 13. Qxb7 Nbd7 14. Bc3 Qc5
15. Bd4 Qc8 16. Qxc8 Rfxc8 17. Nc3 Nc5 18. Be2 Rab8 19. Rab1 Nfe4 20. Nxe4 Bxd4
21. Nxc5 Rxc5 22. c3 Bf6 23. Rfe1 Rd5 24. Bc4 Rd2 25. Bb3 a5 26. Rec1 a4 27.
Rc2 Rxc2 28. Bxc2 a3 29. bxa3 Rc8 30. Kf1 Rxc3 31. Bb3 e6 32. a4 d5 33. g3 h5
34. h4 Bd4 35. Ke2 Kg7 36. Rd1 Bc5 37. Rd2 Kf6 38. a5 Ke5 39. a6 f6 40. Rc2 Bd4
41. Rxc3 Kd6 42. Rc8 g5 43. Rh8 gxh4 44. gxh4 Kc7 45. Rh7+ Kb8 46. Re7 Bc5 47.
Rxe6 d4 48. Rxf6 Ka7 49. Rf5 Bb6 50. Bc4 Kb8 51. Rf8+ Kc7 52. Rf7+ Kc6 53. a7
Bxa7 54. Rxa7 Kd6 55. Ra5 Ke7 56. Rxh5 d3+ 57. Kxd3 Kd6 58. Kd4 Ke7 59. Kd5 Kf6
60. Rh6+ Kg7 61. Rc6 Kf7 62. Ke5+ Kg7 63. Rc7+ Kh8 64. Bd3 Kg8 65. Kf6 Kf8 66.
Rc8# {QueenMaxima checkmated} 1-0

[Event "ICS rated bullet match"]
[Site "204.178.125.65"]
[Date "2000.11.14"]
[Round "?"]
[White "APetelin"]
[Black "Hossa"]
[Result "0-1"]
[WhiteElo "2049"]
[BlackElo "2422"]
[PlyCount "56"]
[EventDate "2000.??.??"]

1. e4 c5 2. Nf3 e6 3. Nc3 Nc6 4. d4 cxd4 5. Nxd4 Qc7 6. Nxc6 dxc6 7. Bd3 Nf6 8.
O-O Bd6 9. f4 Bc5+ 10. Kh1 O-O 11. e5 Nd5 12. Nxd5 exd5 13. Qh5 g6 14. Qh6 Be7
15. Bd2 Re8 16. Rae1 Qb6 17. f5 Bf8 18. Qh4 Bxf5 19. Bxf5 gxf5 20. Rxf5 Re6 21.
Ref1 Qxb2 22. Rxf7 Qxc2 23. Bg5 Rxe5 24. Qf4 Ree8 25. Bh6 Bxh6 26. Qxh6 Qg6 27.
Qh3 Qxf7 28. Rxf7 Re1+ {APetelin resigns} 0-1

[Event "ICS rated blitz match"]
[Site "204.178.125.65"]
[Date "2000.11.14"]
[Round "?"]
[White "Hossa"]
[Black "QueenMaxima"]
[Result "0-1"]
[WhiteElo "2557"]
[BlackElo "2563"]
[PlyCount "106"]
[EventDate "2000.??.??"]

1. Nf3 d6 2. d4 g6 3. e4 Bg7 4. Bd3 Nf6 5. O-O O-O 6. Nc3 c6 7. Bd2 Bg4 8. h3
Bxf3 9. Qxf3 Qb6 10. Ne2 c5 11. dxc5 Qxc5 12. e5 Qxe5 13. Qxb7 Nbd7 14. Bc3 Qc5
15. Bd4 Qc8 16. Qxc8 Rfxc8 17. Nc3 Nc5 18. Be2 Rab8 19. Rab1 Nfe4 20. Bxg7 Kxg7
21. Nxe4 Nxe4 22. Rfd1 Rxc2 23. Bd3 Rxf2 24. Bxe4 Rfxb2 25. Kh2 Rxb1 26. Bxb1
Rb2 27. Kg3 d5 28. Kf4 Kf6 29. a4 e5+ 30. Kg3 e4 31. Kf4 g5+ 32. Kg3 Ke5 33.
Re1 f5 34. Kh2 d4 35. Bd3 Kd5 36. Bb5 f4 37. Kg1 d3 38. Rd1 Kd4 39. Kf1 Rb3 40.
Bd7 e3 41. Ra1 Rb2 42. Bf5 Rf2+ 43. Kg1 d2 44. Bg4 f3 45. gxf3 e2 46. Kxf2 d1=Q
47. Rxd1+ exd1=Q 48. Bf5 Qd2+ 49. Kg1 Ke3 50. Be4 Qf2+ 51. Kh1 Qf1+ 52. Kh2 Kf2
53. Bxh7 Qg1# {Hossa checkmated} 0-1

[Event "ICS rated blitz match"]
[Site "204.178.125.65"]
[Date "2000.11.14"]
[Round "?"]
[White "QueenMaxima"]
[Black "Hossa"]
[Result "1-0"]
[WhiteElo "2579"]
[BlackElo "2541"]
[PlyCount "91"]
[EventDate "2000.??.??"]

1. e4 c5 2. Nf3 e6 3. d4 cxd4 4. Nxd4 Nf6 5. Bd3 Nc6 6. Be3 Ne5 7. O-O Nxd3 8.
Qxd3 Ng4 9. Nd2 Be7 10. Bf4 e5 11. f3 Nxh2 12. Bxh2 exd4 13. Qxd4 b6 14. Nb3
Ba6 15. Rfd1 Rg8 16. Be5 Bh4 17. Rd2 Rc8 18. Qa4 Bc4 19. Rad1 Be6 20. Nd4 Bh3
21. Nb5 Rc5 22. Nd6+ Kf8 23. Nb7 Qg5 24. Bd6+ Ke8 25. Nxc5 bxc5 26. Qxa7 f6 27.
Bxc5 Qg3 28. Qa8+ Kf7 29. Qd5+ Kg6 30. Qxg8 Bg5 31. Bd6 Be6 32. Qe8+ Bf7 33.
Qxf7+ Kxf7 34. Bxg3 Be3+ 35. Kf1 Bxd2 36. Rxd2 Ke7 37. a4 f5 38. a5 Kd8 39. a6
Ke7 40. a7 fxe4 41. a8=Q exf3 42. Qe4+ Kf6 43. Qxf3+ Kg6 44. Rd6+ Kg5 45. Qf4+
Kh5 46. Qh4# {Hossa checkmated} 1-0

[Event "ICS rated bullet match"]
[Site "204.178.125.65"]
[Date "2000.11.14"]
[Round "?"]
[White "Hossa"]
[Black "explosiv-gent"]
[Result "1-0"]
[WhiteElo "2425"]
[BlackElo "1947"]
[PlyCount "97"]
[EventDate "2000.??.??"]

1. d4 e6 2. Nc3 Nf6 3. e4 Be7 4. e5 Nd5 5. Qg4 Nxc3 6. Qxg7 Rf8 7. bxc3 d6 8.
exd6 Qxd6 9. Qxh7 Nc6 10. Bh6 Bd7 11. Bxf8 Bxf8 12. Nf3 O-O-O 13. Bc4 f5 14.
O-O Na5 15. Bb3 Bc6 16. Ne5 Be7 17. Nf7 Qd7 18. Nxd8 Qxd8 19. Bxe6+ Kb8 20.
Qxf5 b6 21. Qh7 Nb7 22. Bc4 Nd6 23. Bd3 Ne8 24. Ba6 Qd5 25. Qg6 Nf6 26. Qg7 Bd6
27. Qh8+ Ng8 28. f3 Qg5 29. Bc4 Bd5 30. Bxd5 Qxd5 31. Qg7 Kb7 32. Rae1 Ne7 33.
Rxe7 Bxe7 34. Qxe7 Qc4 35. Qe4+ Ka6 36. Qd3 Qxd3 37. cxd3 Kb5 38. h4 Ka4 39. h5
Ka3 40. h6 Kxa2 41. h7 Kb2 42. c4 Kc3 43. h8=Q Kxd3 44. c5 Kc4 45. cxb6 axb6
46. Rc1+ Kd3 47. Kf2 c5 48. Qh7+ Kd2 49. Qc2# {explosiv-gent checkmated} 1-0

[Event "ICS rated bullet match"]
[Site "204.178.125.65"]
[Date "2000.11.14"]
[Round "?"]
[White "Edelson"]
[Black "Hossa"]
[Result "0-1"]
[WhiteElo "2247"]
[BlackElo "2427"]
[PlyCount "58"]
[EventDate "2000.??.??"]

1. e4 c5 2. d4 cxd4 3. Nf3 e5 4. Nxe5 Qa5+ 5. b4 Qxe5 6. Bd3 Nf6 7. O-O Bxb4 8.
Bd2 Bxd2 9. Nxd2 O-O 10. f4 Qe6 11. e5 Nd5 12. Bc4 b5 13. Bxb5 Ne3 14. Qe2 Nxf1
15. Rxf1 Ba6 16. a4 Bxb5 17. axb5 d6 18. f5 Qxe5 19. Qxe5 dxe5 20. f6 Rc8 21.
fxg7 Rxc2 22. Nf3 Nd7 23. Ng5 f6 24. Ne6 Re8 25. Nf8 Nxf8 26. gxf8=Q+ Rxf8 27.
h3 Kg7 28. Kh2 Rg8 29. Rf5 Kf7 {Edelson resigns} 0-1

[Event "ICS rated blitz match"]
[Site "204.178.125.65"]
[Date "2000.11.14"]
[Round "?"]
[White "Hossa"]
[Black "PostModernist"]
[Result "0-1"]
[WhiteElo "2531"]
[BlackElo "2643"]
[PlyCount "102"]
[EventDate "2000.??.??"]

1. e4 c5 2. Nf3 g6 3. Bc4 Nc6 4. O-O e6 5. d4 cxd4 6. Nxd4 Bc5 7. Nb3 Be7 8.
Bf4 Nf6 9. Re1 d5 10. exd5 exd5 11. Bb5 O-O 12. Bh6 Re8 13. Nc3 a6 14. Bf1 Bg4
15. Be2 Bb4 16. Bd2 Bxe2 17. Nxe2 Bd6 18. Nf4 Ne4 19. f3 Nxd2 20. Qxd2 Rxe1+
21. Rxe1 Qh4 22. Nh3 a5 23. c3 a4 24. Nc1 d4 25. Re4 Qd8 26. Nf2 f5 27. Rxd4
Nxd4 28. cxd4 Qc7 29. g3 Qc6 30. f4 Rc8 31. Nfd3 Qd5 32. Ne2 Qxa2 33. Nec1 Qd5
34. Ne2 Qe4 35. h3 h5 36. Qd1 Qe3+ 37. Kg2 b5 38. h4 b4 39. Ne5 a3 40. bxa3
bxa3 41. Nd3 a2 42. Qb3+ Kg7 43. Qxa2 Qxd3 44. Qe6 Rc2 45. Kf2 Qxd4+ 46. Qe3
Qd1 47. Qa7+ Kh6 48. Qe3 Bc5 49. Kg2 Bxe3 50. g4 Qxe2+ 51. Kh3 Qxg4# {
Hossa checkmated} 0-1

[Event "ICS rated blitz match"]
[Site "204.178.125.65"]
[Date "2000.11.14"]
[Round "?"]
[White "gaudi"]
[Black "Hossa"]
[Result "0-1"]
[WhiteElo "2145"]
[BlackElo "2520"]
[PlyCount "43"]
[EventDate "2000.??.??"]

1. d4 Nf6 2. c4 e6 3. Nc3 Bb4 4. g3 c5 5. Bg2 cxd4 6. Qxd4 Nc6 7. Qd2 O-O 8. a3
Qa5 9. axb4 Qxa1 10. Nf3 Nxb4 11. O-O d5 12. cxd5 Nbxd5 13. Nxd5 exd5 14. Nd4
Qa2 15. h3 Bd7 16. g4 Rac8 17. g5 Ne4 18. Qf4 f6 19. Bxe4 dxe4 20. Qxe4 Bxh3
21. Re1 Qa5 22. gxf6 {gaudi resigns} 0-1

[Event "ICS rated blitz match"]
[Site "204.178.125.65"]
[Date "2000.11.14"]
[Round "?"]
[White "caycedaisy1"]
[Black "Hossa"]
[Result "0-1"]
[WhiteElo "1911"]
[BlackElo "2523"]
[PlyCount "40"]
[EventDate "2000.??.??"]

1. e4 c5 2. Nf3 g6 3. Nc3 Nc6 4. b3 Bg7 5. Bb2 Nf6 6. Bc4 Nxe4 7. Nxe4 Bxb2 8.
O-O d5 9. Nxc5 dxc4 10. c3 Bxa1 11. Qxa1 b6 12. Ne4 Bg4 13. bxc4 Bxf3 14. gxf3
f5 15. Ng3 Qxd2 16. c5 bxc5 17. c4 Nd4 18. Rd1 Qf4 19. Qb1 O-O-O 20. Qb2 Nxf3+
{caycedaisy1 resigns} 0-1

[Event "ICS rated bullet match"]
[Site "204.178.125.65"]
[Date "2000.11.14"]
[Round "?"]
[White "Hossa"]
[Black "carbide"]
[Result "1-0"]
[WhiteElo "2435"]
[BlackElo "2056"]
[PlyCount "51"]
[EventDate "2000.??.??"]

1. e4 e6 2. d4 d5 3. Nd2 Nf6 4. e5 Nfd7 5. Bd3 c5 6. c3 Nc6 7. Ne2 cxd4 8. cxd4
f6 9. Nf4 Nxd4 10. Qh5+ Ke7 11. Ng6+ hxg6 12. exf6+ Nxf6 13. Qxh8 e5 14. Bxg6
e4 15. Kf1 Be6 16. Nb3 Nc2 17. Rb1 Qb6 18. Kg1 Rc8 19. Bg5 d4 20. Bxf6+ Kxf6
21. Bxe4 Bb4 22. Qh5 d3 23. Qg6+ Ke7 24. Qxg7+ Bf7 25. Bxd3 Nd4 26. Nxd4 {
carbide resigns} 1-0

[Event "ICS rated bullet match"]
[Site "204.178.125.65"]
[Date "2000.11.14"]
[Round "?"]
[White "carbide"]
[Black "Hossa"]
[Result "0-1"]
[WhiteElo "2053"]
[BlackElo "2438"]
[PlyCount "44"]
[EventDate "2000.??.??"]

1. Nf3 d6 2. g3 e5 3. Bg2 e4 4. Nd4 d5 5. O-O c5 6. Nb3 c4 7. Nd4 Bc5 8. c3 Nf6
9. b3 O-O 10. bxc4 dxc4 11. Ba3 Qe7 12. Bxc5 Qxc5 13. e3 Nc6 14. a4 Bg4 15. Qc2
Qd5 16. Na3 Ne5 17. Nab5 Rfc8 18. Rfb1 a6 19. Na3 Nd3 20. Rb6 Nd7 21. Rbb1 N7c5
22. Qd1 Bxd1 {carbide resigns} 0-1

[Event "ICS rated blitz match"]
[Site "204.178.125.65"]
[Date "2000.11.14"]
[Round "?"]
[White "Hossa"]
[Black "QueenMaxima"]
[Result "1-0"]
[WhiteElo "2524"]
[BlackElo "2595"]
[PlyCount "155"]
[EventDate "2000.??.??"]

1. e4 d6 2. d4 e6 3. Nc3 Bd7 4. Nf3 Nf6 5. Be2 Nc6 6. O-O Be7 7. Bf4 O-O 8. e5
dxe5 9. dxe5 Ne8 10. Qd2 f6 11. Rfd1 fxe5 12. Nxe5 Nxe5 13. Bxe5 Bd6 14. Qd4
Qg5 15. f4 Bxe5 16. Qxe5 Qxe5 17. fxe5 Rf7 18. Bc4 b5 19. Nxb5 Bxb5 20. Bxb5
Rf5 21. Bxe8 Rxe8 22. Rd7 Rxe5 23. Rf1 Rf8 24. Rxf8+ Kxf8 25. Rxc7 Re2 26. Rxa7
Rxc2 27. Rb7 e5 28. h3 e4 29. Kh2 e3 30. Kg3 e2 31. Kf2 e1=Q+ 32. Kxe1 Rxg2 33.
Rb3 Kf7 34. Kf1 Rh2 35. Kg1 Re2 36. a4 Rd2 37. Rb4 g5 38. Rb7+ Kf6 39. b4 h5
40. Rb8 g4 41. hxg4 hxg4 42. a5 Ra2 43. Rg8 Kf5 44. Ra8 Rb2 45. a6 Rb1+ 46. Kf2
Rb2+ 47. Ke3 g3 48. a7 g2 49. Rg8 Ra2 50. Rxg2 Rxa7 51. Kd4 Rd7+ 52. Kc5 Rc7+
53. Kd5 Rd7+ 54. Kc6 Rd1 55. b5 Rc1+ 56. Kb7 Ke4 57. b6 Rf1 58. Ra2 Kd4 59. Ka7
Kc4 60. b7 Rf7 61. Ka8 Rf8+ 62. b8=Q Rxb8+ 63. Kxb8 Kd4 64. Kc8 Ke4 65. Ra4+
Ke5 66. Kd8 Ke6 67. Ra5 Kd6 68. Ke8 Ke6 69. Rh5 Kd6 70. Kf7 Kc7 71. Ke7 Kc6 72.
Rg5 Kc7 73. Rg6 Kc8 74. Kd6 Kb7 75. Kd7 Kb8 76. Kc6 Ka7 77. Kc7 Ka8 78. Ra6# {
QueenMaxima checkmated} 1-0